Refugiados por asociación /

שמור ב:
מידע ביבליוגרפי
מחבר ראשי: Tax, Blanche
פורמט: ספר
שפה:Spanish
תגים: הוספת תג
אין תגיות, היה/י הראשונ/ה לתייג את הרשומה!

MARC

LEADER 00000nam a22000007a 4500
003 cru CIDCACS/IIS
005 20180117104102.0
007 ta
008 180112s2014 sp |||p|r||||||0| ||spa d
999 |c 40822  |d 40822 
040 |c cru CIDCACS/IIS 
100 1 |9 6388  |a Tax, Blanche 
245 1 |a Refugiados por asociación /  |c Blanche Tax 
300 |a páginas 26-27 
773 0 |0 19267  |9 1738  |a Centro de Estudios sobre Refugiados  |d Universidad de Oxford ; Centro de Estudios sobre Refugiados  |o 18230  |t Migraciones Forzadas:   |x 14609819 
942 |2 ddc  |c PP